Vista normal Vista MARC

Entrada Materia (personas)

Número de registros utilizados en: 3

001 - CONTROL NUMBER

  • control field: 51812

003 - CONTROL NUMBER IDENTIFIER

  • control field: Co-BoUCM

005 - DATE AND TIME OF LATEST TRANSACTION

  • control field: 20131202084437.0

008 - FIXED-LENGTH DATA ELEMENTS

  • fixed length control field: 131202|| aca||aabn | a|a d

040 ## - CATALOGING SOURCE

  • Original cataloging agency: Co-BoUCM
  • Transcribing agency: Co-BoUCM

100 ## - HEADING--PERSONAL NAME

  • Personal name: Romero, Carlos A.

670 ## - SOURCE DATA FOUND

  • Source citation: Work cat.: (Co-BoUCM)182811: Corrales, Javier 1966- 51806, U.S.-Venezuela relations since the 1990s, 2013